Statistieken voor Ak topo toets

Klik hier om de quiz te nemen!

Algemene statistieken

  • Deze quiz is 20 keer genomen
  • De gemiddelde score is 42 van 157

Antwoordstatistieken

Antwoord% Correct
Siberië
80%
Algerije
73%
Verenigde Staten
73%
Himalaya
67%
Kaapstad/Pretoria/Bloemfontein
47%
Noord-Amerika
47%
Afrika
40%
Atlantische Oceaan
40%
Azië
40%
Brasilia
40%
Kazachstan
40%
Mexico
40%
Saudi-Arabië
40%
Thailand
40%
Tokyo
40%
Turkije
40%
Wellington
40%
Alaska
33%
Amazone
33%
Angola
33%
Argentinië
33%
Beijing
33%
Caribische zee
33%
Chili
33%
China
33%
Egypte
33%
Europa
33%
Florida
33%
Hawaii
33%
Hongkong
33%
Iran
33%
Istanboel
33%
Japan
33%
Mali
33%
Mexico-Stad
33%
Mississippi
33%
Montreal
33%
Myanmar
33%
Niger
33%
Oekraïne
33%
Pakistan
33%
Rode Zee
33%
Suezkanaal
33%
Afghanistan
27%
Algiers
27%
Andes
27%
Ankara
27%
Antarctica
27%
Aruba
27%
Australië
27%
Australië
27%
Bagdad
27%
Brazilië
27%
Buenos Aires
27%
California
27%
Canada
27%
Caracas
27%
Casablanca
27%
Ethiopië
27%
Filipijnen
27%
Groenland
27%
India
27%
Indische Oceaan
27%
Indonesië
27%
Irak
27%
Israel
27%
Jakarta
27%
Jordanië
27%
Kenia
27%
Kiev
27%
Lagos
27%
Libië
27%
Los Angeles
27%
Marokko
27%
Molukken
27%
Mozambique
27%
New Delhi
27%
Nieuw-Zeeland
27%
Nigeria
27%
Nijl
27%
Panamakanaal
27%
Paramaribo
27%
Peru
27%
Rocky Mountains
27%
Rusland
27%
Sahara
27%
Soedan
27%
Syrië
27%
Tanzania
27%
Tsjaad
27%
Tunesië
27%
Tunis
27%
Venezuela
27%
Vietnam
27%
Wolga
27%
Zuid-Afrika
27%
Zuid-Amerika
27%
Zuid-Soedan
27%
Bangkok
20%
Bolivia
20%
Caïro
20%
Canberra
20%
Chicago
20%
Colombia
20%
Curaçao
20%
DR Congo
20%
Ganges
20%
Grote Oceaan
20%
Hanoi
20%
Islamabad
20%
Java
20%
Jeruzalem
20%
Juba
20%
Kinshasa
20%
La Paz
20%
Lima
20%
Luanda
20%
Maputo
20%
Mauritanië
20%
Mekka
20%
Midden-Oosten
20%
Moskou
20%
Mumbai
20%
Nederlandse Antillen
20%
New York City
20%
Ottawa
20%
Perzische Golf
20%
Rabat
20%
Rio de Janeiro
20%
Santiago
20%
São Paulo
20%
Shanghai
20%
Singapore
20%
Sydney
20%
Teheran
20%
Tripoli
20%
Washington DC
20%
Abuja
13%
Addis Abeba
13%
Amman
13%
Astana
13%
Bamako
13%
Bogota
13%
Damascus
13%
Dodoma
13%
Huang he
13%
Kabul
13%
Khartoum
13%
Manila
13%
Nairobi
13%
Ndjamena
13%
Niamey
13%
Nouakchott
13%
Rangoon
13%
Riad
13%
Chang Jiang
7%
Kolkata
7%

Scoreverdeling

Percentiel versus Aantal Correcte Antwoorden

Procent van Mensen met Elke Score

Uw Scoregeschiedenis

U heeft deze quiz nog niet genomen